UM Logo

Position sensorless control of IPMSM using adjustable frequency setting square-wave voltage injection / (Record no. 20114)

MARC details
000 -LEADER
fixed length control field 00965nam a22002297a 4500
003 - CONTROL NUMBER IDENTIFIER
control field OSt
005 - DATE AND TIME OF LATEST TRANSACTION
control field 20250904145822.0
008 - FIXED-LENGTH DATA ELEMENTS--GENERAL INFORMATION
fixed length control field 240422b ||||| |||| 00| 0 eng d
040 ## - CATALOGING SOURCE
Transcribing agency 0
082 ## - DEWEY DECIMAL CLASSIFICATION NUMBER
Classification number DPer 621.317 Ie21 November 2022 v. 37 n. 11
100 ## - MAIN ENTRY--PERSONAL NAME
Personal name Yu, Kailiang.
Relator term author.
9 (RLIN) 56459
245 ## - TITLE STATEMENT
Title Position sensorless control of IPMSM using adjustable frequency setting square-wave voltage injection /
Statement of responsibility, etc. Kailiang Yu and Zheng Wang.
260 ## - PUBLICATION, DISTRIBUTION, ETC. (IMPRINT)
Place of publication, distribution, etc. New York ;
Name of publisher, distributor, etc. The Institute of Electrical and Electronics Engineers, Inc. ,
Date of publication, distribution, etc. November 2022.
300 ## - PHYSICAL DESCRIPTION
Extent Volume 37, pages 12973-12979 :
Other physical details illustration ;
Dimensions 28 cm.
500 ## - GENERAL NOTE
General note IEEE Transactions on Power Electronics, vol. 37, no. 11, pages 12973-12979, November 2022.
650 #0 - SUBJECT ADDED ENTRY--TOPICAL TERM
Topical term or geographic name as entry element Voltage margin.
9 (RLIN) 67139
650 #0 - SUBJECT ADDED ENTRY--TOPICAL TERM
Topical term or geographic name as entry element Sensorless control.
9 (RLIN) 66253
650 #0 - SUBJECT ADDED ENTRY--TOPICAL TERM
Topical term or geographic name as entry element Square-wave voltage injection.
9 (RLIN) 67140
700 ## - ADDED ENTRY--PERSONAL NAME
Personal name Yu, Kailiang.
Relator term author.
9 (RLIN) 56459
700 ## - ADDED ENTRY--PERSONAL NAME
Personal name Wang, Zheng.
Relator term author.
9 (RLIN) 56460
942 ## - ADDED ENTRY ELEMENTS (KOHA)
Source of classification or shelving scheme Dewey Decimal Classification
Koha item type Periodicals
Holdings
Withdrawn status Lost status Source of classification or shelving scheme Damaged status Not for loan Collection code Home library Current library Date acquired Total Checkouts Full call number Date last seen Price effective from Koha item type Public note
    Dewey Decimal Classification     Periodicals UM Digos College - LIC UM Digos College - LIC 04/22/2024   DPer 621.317 Ie21 November 2022 v. 37 n. 11 04/22/2024 04/22/2024 Periodicals Periodical Article